| 000 | 00732cab a2200217 4500 | ||
|---|---|---|---|
| 001 | X3863 | ||
| 008 | 090401t1996 xxu||||| |||| 00| 0 eng d | ||
| 035 | _a(Sirsi) u33435 | ||
| 041 | _aeng | ||
| 245 | _aIvory Gate Limited v Spetale and others | ||
| 260 | _c1996 | ||
| 350 | _a0 | ||
| 490 |
_aNew Property Cases _v[1996] NPC 186 |
||
| 520 | _aQBD 20 December 1996. A landlord seeking to recover from sureties sums which he had agreed not to pursue against the tenant finds he falls on the wrong side of the line. NOT TO BE PHOTOCOPIED. | ||
| 650 | _aIVORY GATE LIMITED V SPETALE AND OTHERS | ||
| 650 | _aRENT REVIEWS | ||
| 650 | _aSURETIES | ||
| 690 | _aPROPERTY-LANDLORD AND TENANT | ||
| 942 | _n0 | ||
| 948 | _c04/03/1997 | ||
| 999 |
_c22338 _d22338 |
||